<?xml version="1.0" encoding="UTF-8"?>
<record
    xmlns:xsi="http://www.w3.org/2001/XMLSchema-instance"
    xsi:schemaLocation="http://www.loc.gov/MARC21/slim http://www.loc.gov/standards/marcxml/schema/MARC21slim.xsd"
    xmlns="http://www.loc.gov/MARC21/slim">

  <leader>01115nam a22002417a 4500</leader>
  <controlfield tag="001">41585</controlfield>
  <controlfield tag="003">BD-RjUL</controlfield>
  <controlfield tag="005">20211209053421.0</controlfield>
  <controlfield tag="008">160602s1962    bg ||||| |||| 00| 0 ben d</controlfield>
  <datafield tag="035" ind1=" " ind2=" ">
    <subfield code="a">(BD-RjUL)41703</subfield>
  </datafield>
  <datafield tag="040" ind1=" " ind2=" ">
    <subfield code="a">BD-RjUL</subfield>
    <subfield code="b">ben </subfield>
    <subfield code="c">BD-RjUL</subfield>
  </datafield>
  <datafield tag="041" ind1=" " ind2=" ">
    <subfield code="a">ben </subfield>
  </datafield>
  <datafield tag="082" ind1=" " ind2=" ">
    <subfield code="2">23 </subfield>
    <subfield code="a">297.61 </subfield>
    <subfield code="b">KHH 1962 </subfield>
  </datafield>
  <datafield tag="100" ind1=" " ind2=" ">
    <subfield code="a">&#x996;&#x9BE;&#x9A8;, &#x9AE;&#x9C1;&#x9B9;&#x9BF;&#x989;&#x9A6;&#x9CD;&#x9A6;&#x9C0;&#x9A8; </subfield>
    <subfield code="9">127771</subfield>
  </datafield>
  <datafield tag="245" ind1="1" ind2="0">
    <subfield code="a">&#x9B9;&#x9BE;&#x9AF;&#x9BC;&#x9BE;&#x9A4;&#x9C7; &#x9AE;&#x9A6;&#x9A8;&#x9C0;  :</subfield>
    <subfield code="b">&#x9B6;&#x9BE;&#x9AF;&#x9BC;&#x996;&#x9C1;&#x9B2;-&#x987;&#x9B8;&#x9B2;&#x9BE;&#x9AE; &#x9B9;&#x9AF;&#x9B0;&#x9A4; &#x9AE;&#x993;&#x9B2;&#x9BE;&#x9A8;&#x9BE; &#x9B8;&#x9C8;&#x9AF;&#x9BC;&#x9A6; &#x9B9;&#x9C1;&#x9B8;&#x9BE;&#x9AF;&#x9BC;&#x9A8; &#x986;&#x9B9;&#x9AE;&#x9A6; &#x9AE;&#x9A6;&#x9A8;&#x9C0; (&#x9B0;&#x9BE;&#x983;)-&#x98F;&#x9B0; &#x99C;&#x9C0;&#x9AC;&#x9A8;-&#x99A;&#x9B0;&#x9BF;&#x9A4; / </subfield>
    <subfield code="c">&#x9AE;&#x9C1;&#x9B9;&#x9BF;&#x989;&#x9A6;&#x9CD;&#x9A6;&#x9C0;&#x9A8; &#x996;&#x9BE;&#x9A8;, &#x9AE;&#x9C1;&#x9B9;&#x9BE;&#x9AE;&#x9CD;&#x9AE;&#x9A6;  &#x99B;&#x9AB;&#x9BF;&#x989;&#x9B2;&#x9CD;&#x9B2;&#x9BE;&#x9B9; </subfield>
  </datafield>
  <datafield tag="250" ind1=" " ind2=" ">
    <subfield code="a">&#x9E7;&#x9AE; &#x9B8;&#x982;. </subfield>
  </datafield>
  <datafield tag="260" ind1=" " ind2=" ">
    <subfield code="a">&#x9A2;&#x9BE;&#x995;&#x9BE; :</subfield>
    <subfield code="b">&#x986;&#x9B6;&#x9B0;&#x9BE;&#x9AB;&#x9BF;&#x9AF;&#x9BC;&#x9BE; &#x9B2;&#x9BE;&#x987;&#x9AC;&#x9CD;&#x9B0;&#x9C7;&#x9B0;&#x9C0;, </subfield>
    <subfield code="c">&#x9E7;&#x9EF;&#x9EC;&#x9E8; </subfield>
  </datafield>
  <datafield tag="300" ind1=" " ind2=" ">
    <subfield code="a">[&#x9E7;&#x9E8;], &#x9EA;&#x9E6;&#x9E6; &#x9AA;&#x9C3;. ; </subfield>
    <subfield code="c">&#x9E7;&#x9EE; &#x9B8;&#x9C7;&#x9AE;&#x9BF;. </subfield>
  </datafield>
  <datafield tag="650" ind1=" " ind2=" ">
    <subfield code="a">&#x987;&#x9B8;&#x9B2;&#x9BE;&#x9AE; </subfield>
    <subfield code="x">&#x9A8;&#x9C7;&#x9A4;&#x9BE; </subfield>
    <subfield code="9">127637</subfield>
  </datafield>
  <datafield tag="650" ind1=" " ind2=" ">
    <subfield code="a">Islam </subfield>
    <subfield code="x">Leader </subfield>
    <subfield code="9">127638</subfield>
  </datafield>
  <datafield tag="700" ind1=" " ind2=" ">
    <subfield code="a">&#x99B;&#x9AB;&#x9BF;&#x989;&#x9B2;&#x9CD;&#x9B2;&#x9BE;&#x9B9;, &#x9AE;&#x9C1;&#x9B9;&#x9BE;&#x9AE;&#x9CD;&#x9AE;&#x9A6;  </subfield>
    <subfield code="9">127772</subfield>
  </datafield>
  <datafield tag="942" ind1=" " ind2=" ">
    <subfield code="2">ddc</subfield>
    <subfield code="c">BK</subfield>
  </datafield>
  <datafield tag="999" ind1=" " ind2=" ">
    <subfield code="c">41585</subfield>
    <subfield code="d">41585</subfield>
  </datafield>
  <datafield tag="952" ind1=" " ind2=" ">
    <subfield code="0">0</subfield>
    <subfield code="1">0</subfield>
    <subfield code="2">ddc</subfield>
    <subfield code="4">0</subfield>
    <subfield code="7">0</subfield>
    <subfield code="8">NFIC</subfield>
    <subfield code="a">RUCL</subfield>
    <subfield code="b">RUCL</subfield>
    <subfield code="c">Stack</subfield>
    <subfield code="d">1967-02-25</subfield>
    <subfield code="e">Farukh Library</subfield>
    <subfield code="g">4.50</subfield>
    <subfield code="l">0</subfield>
    <subfield code="o">B 297.61  KHH 1962</subfield>
    <subfield code="r">2016-06-02 00:00:00</subfield>
    <subfield code="t">C-2</subfield>
    <subfield code="w">2016-06-02</subfield>
    <subfield code="y">BK</subfield>
  </datafield>
  <datafield tag="952" ind1=" " ind2=" ">
    <subfield code="0">0</subfield>
    <subfield code="1">0</subfield>
    <subfield code="2">ddc</subfield>
    <subfield code="4">0</subfield>
    <subfield code="7">0</subfield>
    <subfield code="8">NFIC</subfield>
    <subfield code="a">RUCL</subfield>
    <subfield code="b">RUCL</subfield>
    <subfield code="c">Stack</subfield>
    <subfield code="d">1967-02-25</subfield>
    <subfield code="e">Faruque library, Rajshahi.</subfield>
    <subfield code="g">4.50</subfield>
    <subfield code="l">0</subfield>
    <subfield code="o">B297.61  KHH 1962</subfield>
    <subfield code="r">2016-06-08 00:00:00</subfield>
    <subfield code="t">C-3</subfield>
    <subfield code="w">2016-06-08</subfield>
    <subfield code="y">BK</subfield>
  </datafield>
  <datafield tag="952" ind1=" " ind2=" ">
    <subfield code="0">0</subfield>
    <subfield code="1">0</subfield>
    <subfield code="2">ddc</subfield>
    <subfield code="4">0</subfield>
    <subfield code="7">1</subfield>
    <subfield code="8">NFIC</subfield>
    <subfield code="a">RUCL</subfield>
    <subfield code="b">RUCL</subfield>
    <subfield code="c">Reading</subfield>
    <subfield code="d">1967-02-25</subfield>
    <subfield code="e">Faruk Library, Rajshahi</subfield>
    <subfield code="g">4.50</subfield>
    <subfield code="l">0</subfield>
    <subfield code="o">B 297.61  KHH 1962</subfield>
    <subfield code="r">2016-12-26 00:00:00</subfield>
    <subfield code="t">C-1</subfield>
    <subfield code="w">2016-12-26</subfield>
    <subfield code="y">BK</subfield>
  </datafield>
</record>
